000
00317nam a22001457a 4500
003
SGT
020
_a
978-0571132423
082
_b
CAS
100
_a
CASTLE, MALCALM E
245
_a
MODERN MILK PRODUCTION
260
_a
NEW DELHI
_b
Faber & Faber
_c
1979
300
_a
308
650
_a
AGRICULTURE
942
_2
ddc
_c
BK
_0
1
999
_c
13791
_d
13791